00475pab a2200157 454500008004000000100001700040245012300057260000900180300001400189362000800203650001800211650002000229700001600249700001900265773003300284180718b2008 xxu||||| |||| 00| 0 eng d aWoodward, In aAttitudes towards globalization and cosmopolitanism: cultural diversity, personal consumption and the national economy c2008 ap.207-26. aJun aGlobalization aCosmopolitanism aBean, Clive aSkrbis, Zlatko aBritish Journal of Sociology